000 00672nam a2200253Ia 4500
003 OSt
005 20220918174739.0
006 a|||||r|||| 00| 0
007 ta
008 220917b |||||||| |||| 00| 0 eng d
024 _a13,892
037 _cTextual
040 _aARTS
_cARTS
_beng
041 _2eng
_aeng
082 _aN0M, J6; K3
100 _aFaulkner Ray
_951608
245 0 _aArt today
_b An introduction to the fine and functional arts
250 _a4th
260 _aN York
_bHinehart and Winston
_c1963
300 _axxii, 567p.
_ccm.
650 _aARTS
942 _hN0M, J6; K3
_cTEXL
_2CC
999 _c154495
_d154495